
Library Catalogue

| 000 -LEADER | |
|---|---|
| fixed length control field | 01217nam a2200217Ia 4500 |
| 003 - CONTROL NUMBER IDENTIFIER | |
| control field | OSt |
| 005 - DATE AND TIME OF LATEST TRANSACTION | |
| control field | 20211028162504.0 |
| 008 - FIXED-LENGTH DATA ELEMENTS--GENERAL INFORMATION | |
| fixed length control field | 160316s2001 xxu||||| |||| 00| 0 eng d |
| 020 ## - INTERNATIONAL STANDARD BOOK NUMBER | |
| International Standard Book Number | 9780471007432 |
| 040 ## - CATALOGING SOURCE | |
| Transcribing agency | n |
| 082 ## - DEWEY DECIMAL CLASSIFICATION NUMBER | |
| Classification number | 332.600000 |
| Item number | ELT |
| 100 ## - MAIN ENTRY--PERSONAL NAME | |
| Personal name | Elton Edwin J |
| 245 ## - TITLE STATEMENT | |
| Title | Modern portfolio theory and investment analysis |
| 260 ## - PUBLICATION, DISTRIBUTION, ETC. | |
| Place of publication, distribution, etc. | Singapore |
| Name of publisher, distributor, etc. | John Wiley & Sons |
| Date of publication, distribution, etc. | 2001 |
| 300 ## - PHYSICAL DESCRIPTION | |
| Extent | 715p |
| Dimensions | xi |
| 365 ## - TRADE PRICE | |
| Price amount | Rs.285 |
| 505 ## - FORMATTED CONTENTS NOTE | |
| Formatted contents note | Contents<br/>INTRODUCTION: Financial Securities;<br/>Financial Markets;<br/>PORTFOLIO ANALYSIS: Section 1: Mean Variance Portfolio Theory: The Characteristics of the Opportunity Set Under Risk;<br/>International Diversification;<br/>MODELS OF EQUILIBRIUM IN THE CAPITAL MARKETS: The Standard Capital Asset Pricing Model;<br/>Nonstandard Forms of Capital Asset Pricing Models;<br/>Empirical Tests of Equilibrium;<br/>The Arbitrage Pricing Model of APT;<br/>SECURITY ANALYSIS AND PORTFOLIO THEORY: Efficient Markets;<br/>The Valuation Process;<br/>EVALUATING THE INVESTMENT PROCESS: Evaluation of Portfolio Performance;<br/>Evaluation of Security Analysis;<br/>Portfolio Management Revisited. |
| 650 ## - SUBJECT ADDED ENTRY--TOPICAL TERM | |
| Topical term or geographic name entry element | 1. Portfolio Management2. Investment Analysis |
| 700 ## - ADDED ENTRY--PERSONAL NAME | |
| Personal name | Gruber Martin J |
| -- | |
| 942 ## - ADDED ENTRY ELEMENTS (KOHA) | |
| Source of classification or shelving scheme | Dewey Decimal Classification |
| Koha item type | BOOKs |
| Withdrawn status | Lost status | Damaged status | Not for loan | Home library | Current library | Shelving location | Date acquired | Cost, normal purchase price | Total Checkouts | Full call number | Barcode | Date last seen | Price effective from | Koha item type |
|---|---|---|---|---|---|---|---|---|---|---|---|---|---|---|
| NLS | NLS | NAB Compactor | 30/05/2017 | 285.00 | 332.6 ELT | 18781 | 30/05/2017 | 30/05/2017 | BOOKs |